Versioning Goods and Joint Purchases with Network Externality
Monopolné rozhodnutia o výrobe a cenách dvoch vertikálne diferencovaných verzií produktu v prítomnosti sieťovej externality. Ponuka iba kvalitnejšej verzie produktu ako optimálna stratégia, keď existuje negatívna externalita a úžitok zo spoločného nákupu nie je veľký. Pri dispozícii oboch verzií, mo...
Gespeichert in:
| 1. Verfasser: | |
|---|---|
| Weitere Verfasser: | |
| Format: | Buchkapitel |
| Sprache: | Englisch |
| Schlagworte: | |
| Tags: |
Keine Tags, Fügen Sie das erste Tag hinzu!
|
MARC
| LEADER | 00000naa a2200000 4500 | ||
|---|---|---|---|
| 001 | 0258651 | ||
| 005 | 20191002094323.4 | ||
| 041 | 0 | |a eng | |
| 044 | |a CZ | ||
| 245 | 1 | 0 | |a Versioning Goods and Joint Purchases with Network Externality |c Dou Jiangli, Ye Bing |
| 520 | |a Monopolné rozhodnutia o výrobe a cenách dvoch vertikálne diferencovaných verzií produktu v prítomnosti sieťovej externality. Ponuka iba kvalitnejšej verzie produktu ako optimálna stratégia, keď existuje negatívna externalita a úžitok zo spoločného nákupu nie je veľký. Pri dispozícii oboch verzií, monopolista bude účtovať monopolnú cenu za každú verziu, aby vyvolala samostatné nákupy, ak sú tieto dve verzie ako príliš blízke náhrady. | ||
| 610 | 2 | 0 | |a tovar |
| 610 | 2 | 0 | |a nákup |
| 610 | 2 | 0 | |a externality |
| 610 | 2 | 0 | |a rozhodovanie |
| 610 | 2 | 0 | |a rozhodovanie podnikové |
| 610 | 2 | 0 | |a kvalita tovaru |
| 610 | 2 | 0 | |a ceny monopolné |
| 610 | 2 | 0 | |a monopoly výrobné |
| 100 | 1 | |a Jiangli, Dou | |
| 700 | 1 | |a Bing, Ye | |